书目信息 |
| 题名: |
封神演义
|
|
| 作者: | 许仲琳 撰 | |
| 分册: | 上 | |
| 出版信息: | 延吉 延边人民出版社 2004.07 |
|
| 页数: | 378页 | |
| 开本: | 20cm | |
| 丛书名: | 中国古典文学名著荟萃 | |
| 单 册: | ||
| 中图分类: | I242.1 | |
| 科图分类: | ||
| 主题词: | ||
| 电子资源: | ||
| ISBN: | 7-80648-482-5 | |
| 000 | 00568nam0 2200193 450 | |
| 001 | 0756289837 | |
| 005 | 20070409102133.53 | |
| 010 | @a7-80648-482-5@dCNY26.80 | |
| 100 | @a20070328d2004 km y0chiy0120 ea | |
| 101 | 0 | @achi |
| 200 | 1 | @a封神演义@Afeng shen yan yi@h上@f(明)许仲琳撰@F(ming)xu zhong lin zhuan |
| 210 | @a延吉@c延边人民出版社@d2004.07 | |
| 215 | @a378页@d20cm | |
| 225 | 2 | @a中国古典文学名著荟萃 |
| 410 | 0 | @12001 @a中国古典文学名著荟萃 |
| 690 | @aI242.1@v3 | |
| 701 | 0 | @a许仲琳@Axu zhong lin@4撰 |
| 801 | 0 | @aCN@c20070409 |
| 905 | @a10447@dI242.1@eX913:1 | |
| 封神演义.上/(明)许仲琳撰.-延吉:延边人民出版社,2004.07 |
| 378页;20cm.-(中国古典文学名著荟萃) |
| ISBN 7-80648-482-5:CNY26.80 |
| ● |
| 相关链接 |
|
|
|
正题名:封神演义
索取号:I242.1/X913:1
 
预约/预借
| 序号 | 登录号 | 条形码 | 馆藏地/架位号 | 状态 | 备注 |
| 1 | 447925 | 204479251 | 文学库108/108文学库 21排4列1层/ [索取号:I242.1/X913:1] | 在馆 | |
| 2 | 449104 | 204491040 | 文学库108/108文学库 21排2列4层/ [索取号:I242.1/X913:1] | 在馆 |